| 000 | 00570nam a2200205 a 4500 | ||
|---|---|---|---|
| 005 | 20210219160222.0 | ||
| 008 | 080926s2000 mx r 000 0 spa d | ||
| 020 | _a9230016209. | ||
| 035 | _aUPN01000161170 | ||
| 049 | _aUNE | ||
| 080 | _aDO 341.16: 001 (093.2) 1976ACT 19a. | ||
| 110 | 2 | _aUNESCO. Conferencia General, 19a.; 1976 : Nairobi. | |
| 245 | 1 | 0 | _aActas literales |
| 250 | _aVol. 2, Tomo 2. | ||
| 260 | _aParĂs : UNESCO, 1978. | ||
| 300 | _a538 p. ; | ||
| 690 | _aAcuerdos- Conferencia General de la UNESCO | ||
| 710 | 2 | _aUNESCO | |
| 905 | _aUNESCO | ||
| 999 |
_c133283 _d133283 |
||